| 000 | 00950nam a2200229Ia 4500 | ||
|---|---|---|---|
| 001 | L248-27661 | ||
| 003 | IT-CnALBA | ||
| 008 | 170116s9999||||xx |||||||||||||| ||und|| | ||
| 040 |
_aIT-CnALBA _cIT-CnALBA |
||
| 041 | _aITALIANO | ||
| 100 | _aVANHOYE ALBERT, SJ. | ||
| 245 | 0 | _aPER PROGREDIRE NELL'AMORE. | |
| 250 | _a1a ed. | ||
| 260 |
_aTORINO - ROMA _bAPOSTOLATO DELLA PREGHIERA _c1988 [1° Ed.:1988 - Ed.Ling.Originale: 1988] |
||
| 300 | _a214 p. | ||
| 500 | _aINCONTRO CON L'AMORE DI DIO. PURIIFICAZIONE DI AMORE. SEQUELA DI CRISTO AMORE. IL MISTERO DELLA PASSIONE. VITA CON CRISTO RISORTO. | ||
| 501 | _aSocietà San Paolo EM - Piazza San Paolo, 14 - 12051 ALBA (CN) (non commercial uses only) ® Copyright 2017 | ||
| 520 | _aINCONTRO CON L'AMORE DI DIO. PURIIFICAZIONE DI AMORE. SEQUELA DI CRISTO AMORE. IL MISTERO DELLA PASSIONE. VITA CON CRISTO RISORTO. | ||
| 650 | _aASCETICA E MISTICA | ||
| 942 | _cBK | ||
| 957 | _71 | ||
| 999 |
_a32450 _bNO _g Copie: 1 _c286706 _d286706 |
||